Quién nos dará la respuesta? Cerca de 5000 preguntas formuladas por niños y niñas de 9 a 15 años
Uloženo v:
| Hlavní autor: | |
|---|---|
| Médium: | Kniha |
| Jazyk: | španělština |
| Vydáno: |
Barcelona
Herder
1973
|
| Témata: | |
| Tagy: |
Přidat tag
Žádné tagy, Buďte první, kdo vytvoří štítek k tomuto záznamu!
|
MARC
| LEADER | 00000cam a2200000 a 4500 | ||
|---|---|---|---|
| 001 | UCF0812 | ||
| 003 | CL-VaPUC | ||
| 008 | 120607e19730000SP |||||||||||||||||spa|d | ||
| 020 | |a 8425407990 | ||
| 082 | 0 | 4 | |a 612.6 |b STA |2 21 |
| 100 | 0 | |a Stagnara, Denise |e author |9 562528 | |
| 245 | 1 | 0 | |a Quién nos dará la respuesta? Cerca de 5000 preguntas formuladas por niños y niñas de 9 a 15 años |
| 300 | |a 102 p | ||
| 942 | |c BK | ||
| 945 | |d 20120607 00:00:00 |a dcastane | ||
| 260 | |a Barcelona |b Herder |c 1973 | ||
| 650 | 0 | |a Educación sexual |9 308005 | |
| 650 | 7 | |a SEXUALIDAD HUMANA |2 CL-VaPUC |9 395306 | |
| 650 | 0 | |a Niños |9 255605 | |
| 583 | |a last modification |c 20130325 03:21:34 |k Rodrigo Vera | ||
| 999 | |c 347934 |d 347932 | ||
| 952 | |0 0 |1 0 |4 0 |6 612_600000000000000_STA_1973 |7 0 |8 P |9 449681 |a BIBEDU |b BIBEDU |c BIBEDU_PB |d 2019-11-22 |i 4838599 |o 612.6 STA 1973 |p 4838599 |r 2024-01-25 |w 2019-11-22 |y BK |k EPE | ||